<?xml version="1.0" encoding="UTF-8"?>
<record
    xmlns:xsi="http://www.w3.org/2001/XMLSchema-instance"
    xsi:schemaLocation="http://www.loc.gov/MARC21/slim http://www.loc.gov/standards/marcxml/schema/MARC21slim.xsd"
    xmlns="http://www.loc.gov/MARC21/slim">

  <leader>02982nam0a2200385   4500</leader>
  <controlfield tag="001">RU\NLR\bibl\7548</controlfield>
  <controlfield tag="005">20250615010154.0</controlfield>
  <datafield tag="010" ind1=" " ind2=" ">
    <subfield code="a">5-88901-012-3</subfield>
    <subfield code="9">6000</subfield>
  </datafield>
  <datafield tag="021" ind1=" " ind2=" ">
    <subfield code="a">RU</subfield>
    <subfield code="b">98-8885</subfield>
    <subfield code="9">419</subfield>
  </datafield>
  <datafield tag="035" ind1=" " ind2=" ">
    <subfield code="a">(NLR Aleph) 000007363</subfield>
  </datafield>
  <datafield tag="090" ind1=" " ind2=" ">
    <subfield code="a">22710</subfield>
    <subfield code="c">22710</subfield>
  </datafield>
  <datafield tag="100" ind1=" " ind2=" ">
    <subfield code="a">19981112d1998    |||y0rusy50      ca</subfield>
  </datafield>
  <datafield tag="101" ind1="1" ind2=" ">
    <subfield code="a">rus</subfield>
    <subfield code="c">eng</subfield>
    <subfield code="c">fre</subfield>
  </datafield>
  <datafield tag="102" ind1=" " ind2=" ">
    <subfield code="a">RU</subfield>
  </datafield>
  <datafield tag="105" ind1=" " ind2=" ">
    <subfield code="a">a   |||||||||</subfield>
  </datafield>
  <datafield tag="200" ind1="1" ind2=" ">
    <subfield code="a">&#x421;&#x432;&#x44F;&#x442;&#x435;&#x439;&#x448;&#x430;&#x44F; &#x422;&#x440;&#x438;&#x43D;&#x43E;&#x441;&#x43E;&#x444;&#x438;&#x44F;</subfield>
    <subfield code="e">[&#x421;&#x431;.]</subfield>
    <subfield code="f">[&#x421;&#x43E;&#x441;&#x442;.: &#x412;.&#x412;.&#x412;&#x435;&#x440;&#x433;&#x443;&#x43D;</subfield>
    <subfield code="g">&#x41E;&#x442;&#x432;. &#x440;&#x435;&#x434;.: &#x41E;.&#x410;.&#x412;&#x43E;&#x43B;&#x43E;&#x434;&#x430;&#x440;&#x441;&#x43A;&#x430;&#x44F;</subfield>
    <subfield code="g">&#x41F;&#x435;&#x440;. &#x441; &#x430;&#x43D;&#x433;&#x43B;.: &#x418;.&#x421;.&#x41A;&#x430;&#x43D;&#x44B;&#x448;&#x435;&#x432;&#x430;</subfield>
    <subfield code="g">&#x41F;&#x435;&#x440;. &#x441; &#x444;&#x440;.: &#x418;.&#x421;.&#x41A;&#x430;&#x43D;&#x44B;&#x448;&#x435;&#x432;&#x430;, &#x41C;&#x438;&#x448;&#x435;&#x43B;&#x44C; &#x414;&#x435;&#x431;&#x440;&#x435;&#x43D;&#x43D;</subfield>
    <subfield code="g">&#x412;&#x441;&#x442;&#x443;&#x43F;. &#x441;&#x442;.: &#x41E;.&#x410;.&#x412;&#x43E;&#x43B;&#x43E;&#x434;&#x430;&#x440;&#x441;&#x43A;&#x430;&#x44F;]</subfield>
  </datafield>
  <datafield tag="210" ind1=" " ind2=" ">
    <subfield code="a">&#x41C;.</subfield>
    <subfield code="c">&#x426;&#x435;&#x43D;&#x442;&#x440; &#x442;&#x432;&#x43E;&#x440;. &#x438;&#x441;&#x441;&#x43B;&#x435;&#x434;. "&#x411;&#x435;&#x43B;&#x43E;&#x432;&#x43E;&#x434;&#x44C;&#x435;"</subfield>
    <subfield code="c">&#x424;&#x43E;&#x43D;&#x434; "&#x414;&#x435;&#x43B;&#x44C;&#x444;&#x438;&#x441;"</subfield>
    <subfield code="d">1998</subfield>
  </datafield>
  <datafield tag="215" ind1=" " ind2=" ">
    <subfield code="a">600 &#x441;.</subfield>
    <subfield code="c">&#x438;&#x43B;., &#x43F;&#x43E;&#x440;&#x442;&#x440;., &#x446;&#x432;. &#x43F;&#x43E;&#x440;&#x442;&#x440;., &#x444;&#x430;&#x43A;&#x441;.</subfield>
    <subfield code="d">22</subfield>
  </datafield>
  <datafield tag="225" ind1="1" ind2=" ">
    <subfield code="a">&#x423;&#x447;&#x438;&#x442;&#x435;&#x43B;&#x44C; &#x420;&#x430;&#x43A;&#x43E;&#x446;&#x438;. &#x421;&#x435;&#x43D;-&#x416;&#x435;&#x440;&#x43C;&#x435;&#x43D; &#x438; &#x41A;&#x430;&#x43B;&#x438;&#x43E;&#x441;&#x442;&#x440;&#x43E;</subfield>
    <subfield code="v">&#x41A;&#x43D;. 1</subfield>
  </datafield>
  <datafield tag="300" ind1=" " ind2=" ">
    <subfield code="a">&#x41D;&#x430; &#x43E;&#x431;&#x43B;. &#x437;&#x430;&#x433;&#x43B;. &#x441;&#x435;&#x440;.: &#x421;&#x435;&#x43D;-&#x416;&#x435;&#x440;&#x43C;&#x435;&#x43D; &#x438; &#x41A;&#x430;&#x43B;&#x438;&#x43E;&#x441;&#x442;&#x440;&#x43E;</subfield>
  </datafield>
  <datafield tag="320" ind1=" " ind2=" ">
    <subfield code="a">&#x411;&#x438;&#x431;&#x43B;&#x438;&#x43E;&#x433;&#x440;. &#x432; &#x43F;&#x43E;&#x434;&#x441;&#x442;&#x440;&#x43E;&#x447;. &#x43F;&#x440;&#x438;&#x43C;&#x435;&#x447;.</subfield>
  </datafield>
  <datafield tag="327" ind1="1" ind2=" ">
    <subfield code="a">&#x421;&#x43E;&#x434;&#x435;&#x440;&#x436;.: &#x413;&#x440;&#x430;&#x444; &#x421;&#x435;&#x43D;-&#x416;&#x435;&#x440;&#x43C;&#x435;&#x43D; / &#x41F;&#x43E;&#x43B;&#x44C; &#x428;&#x430;&#x43A;&#x43E;&#x440;&#x43D;&#x430;&#x43A;. "&#x421;&#x432;&#x44F;&#x442;&#x435;&#x439;&#x448;&#x430;&#x44F; &#x422;&#x440;&#x438;&#x43D;&#x43E;&#x441;&#x43E;&#x444;&#x438;&#x44F;" &#x433;&#x440;&#x430;&#x444;&#x430; &#x421;&#x435;&#x43D;-&#x416;&#x435;&#x440;&#x43C;&#x435;&#x43D;&#x430; / &#x41C;&#x44D;&#x43D;&#x43B;&#x438; &#x41F;&#x430;&#x43B;&#x43C;&#x435;&#x440; &#x425;&#x43E;&#x43B;&#x43B;. &#x422;&#x430;&#x439;&#x43D;&#x44B; &#x438; &#x43C;&#x438;&#x441;&#x442;&#x435;&#x440;&#x438;&#x438; &#x43E;&#x43A;&#x43A;&#x443;&#x43B;&#x44C;&#x442;&#x438;&#x437;&#x43C;&#x430;: &#x421;&#x435;&#x43D;-&#x416;&#x435;&#x440;&#x43C;&#x435;&#x43D; &#x438; &#x41A;&#x430;&#x43B;&#x438;&#x43E;&#x441;&#x442;&#x440;&#x43E; / &#x41F;&#x430;&#x442;&#x440;&#x438;&#x43A; &#x420;&#x438;&#x432;&#x44C;&#x435;&#x440;. &#x412;&#x441;&#x43B;&#x435;&#x434; &#x437;&#x430; &#x442;&#x430;&#x438;&#x43D;&#x441;&#x442;&#x432;&#x435;&#x43D;&#x43D;&#x44B;&#x43C; &#x433;&#x440;&#x430;&#x444;&#x43E;&#x43C; / &#x41E;&#x43B;&#x44C;&#x433;&#x430; &#x412;&#x43E;&#x43B;&#x43E;&#x434;&#x430;&#x440;&#x441;&#x43A;&#x430;&#x44F;</subfield>
  </datafield>
  <datafield tag="464" ind1=" " ind2="0">
    <subfield code="1">2001#$a&#x413;&#x440;&#x430;&#x444; &#x421;&#x435;&#x43D;-&#x416;&#x435;&#x440;&#x43C;&#x435;&#x43D;</subfield>
    <subfield code="1">700#1$a&#x428;&#x430;&#x43A;&#x43E;&#x440;&#x43D;&#x430;&#x43A;$b&#x41F;.$g&#x41F;&#x43E;&#x43B;&#x44C;$4070</subfield>
    <subfield code="t">&#x413;&#x440;&#x430;&#x444; &#x421;&#x435;&#x43D;-&#x416;&#x435;&#x440;&#x43C;&#x435;&#x43D;</subfield>
    <subfield code="a">&#x428;&#x430;&#x43A;&#x43E;&#x440;&#x43D;&#x430;&#x43A;, &#x41F;&#x43E;&#x43B;&#x44C;</subfield>
  </datafield>
  <datafield tag="464" ind1=" " ind2="0">
    <subfield code="1">2001#$a"&#x421;&#x432;&#x44F;&#x442;&#x435;&#x439;&#x448;&#x430;&#x44F; &#x422;&#x440;&#x438;&#x43D;&#x43E;&#x441;&#x43E;&#x444;&#x438;&#x44F;" &#x433;&#x440;&#x430;&#x444;&#x430; &#x421;&#x435;&#x43D;-&#x416;&#x435;&#x440;&#x43C;&#x435;&#x43D;</subfield>
    <subfield code="1">700#1$a&#x425;&#x43E;&#x43B;&#x43B;$b&#x41C;.&#x41F;.$g&#x41C;&#x44D;&#x43D;&#x43B;&#x438; &#x41F;&#x430;&#x43B;&#x43C;&#x435;&#x440;$4070</subfield>
    <subfield code="t">"&#x421;&#x432;&#x44F;&#x442;&#x435;&#x439;&#x448;&#x430;&#x44F; &#x422;&#x440;&#x438;&#x43D;&#x43E;&#x441;&#x43E;&#x444;&#x438;&#x44F;" &#x433;&#x440;&#x430;&#x444;&#x430; &#x421;&#x435;&#x43D;-&#x416;&#x435;&#x440;&#x43C;&#x435;&#x43D;</subfield>
    <subfield code="a">&#x425;&#x43E;&#x43B;&#x43B;, &#x41C;&#x44D;&#x43D;&#x43B;&#x438; &#x41F;&#x430;&#x43B;&#x43C;&#x435;&#x440;</subfield>
  </datafield>
  <datafield tag="464" ind1=" " ind2="0">
    <subfield code="1">2001#$a&#x422;&#x430;&#x439;&#x43D;&#x44B; &#x438; &#x43C;&#x438;&#x441;&#x442;&#x435;&#x440;&#x438;&#x438; &#x43E;&#x43A;&#x43A;&#x443;&#x43B;&#x44C;&#x442;&#x438;&#x437;&#x43C;&#x430;: &#x421;&#x435;&#x43D;-&#x416;&#x435;&#x440;&#x43C;&#x435;&#x43D; &#x438; &#x41A;&#x430;&#x43B;&#x438;&#x43E;&#x441;&#x442;&#x440;&#x43E;</subfield>
    <subfield code="1">700#1$a&#x420;&#x438;&#x432;&#x44C;&#x435;&#x440;$b&#x41F;.$g&#x41F;&#x430;&#x442;&#x440;&#x438;&#x43A;$4070</subfield>
    <subfield code="t">&#x422;&#x430;&#x439;&#x43D;&#x44B; &#x438; &#x43C;&#x438;&#x441;&#x442;&#x435;&#x440;&#x438;&#x438; &#x43E;&#x43A;&#x43A;&#x443;&#x43B;&#x44C;&#x442;&#x438;&#x437;&#x43C;&#x430;: &#x421;&#x435;&#x43D;-&#x416;&#x435;&#x440;&#x43C;&#x435;&#x43D; &#x438; &#x41A;&#x430;&#x43B;&#x438;&#x43E;&#x441;&#x442;&#x440;&#x43E;</subfield>
    <subfield code="a">&#x420;&#x438;&#x432;&#x44C;&#x435;&#x440;, &#x41F;&#x430;&#x442;&#x440;&#x438;&#x43A;</subfield>
  </datafield>
  <datafield tag="464" ind1=" " ind2="0">
    <subfield code="1">2001#$a&#x412;&#x441;&#x43B;&#x435;&#x434; &#x437;&#x430; &#x442;&#x430;&#x438;&#x43D;&#x441;&#x442;&#x432;&#x435;&#x43D;&#x43D;&#x44B;&#x43C; &#x433;&#x440;&#x430;&#x444;&#x43E;&#x43C;</subfield>
    <subfield code="1">700#1$a&#x412;&#x43E;&#x43B;&#x43E;&#x434;&#x430;&#x440;&#x441;&#x43A;&#x430;&#x44F;$b&#x41E;. &#x410;.$f1962-$c&#x43B;&#x438;&#x43D;&#x433;&#x432;&#x438;&#x441;&#x442;, &#x43B;&#x438;&#x442;&#x435;&#x440;&#x430;&#x442;&#x43E;&#x440;$g&#x41E;&#x43B;&#x44C;&#x433;&#x430; &#x410;&#x43D;&#x430;&#x442;&#x43E;&#x43B;&#x44C;&#x435;&#x432;&#x43D;&#x430;$3RU\NLR\AUTH\770194930$4070</subfield>
    <subfield code="t">&#x412;&#x441;&#x43B;&#x435;&#x434; &#x437;&#x430; &#x442;&#x430;&#x438;&#x43D;&#x441;&#x442;&#x432;&#x435;&#x43D;&#x43D;&#x44B;&#x43C; &#x433;&#x440;&#x430;&#x444;&#x43E;&#x43C;</subfield>
    <subfield code="a">&#x412;&#x43E;&#x43B;&#x43E;&#x434;&#x430;&#x440;&#x441;&#x43A;&#x430;&#x44F;, &#x41E;&#x43B;&#x44C;&#x433;&#x430; &#x410;&#x43D;&#x430;&#x442;&#x43E;&#x43B;&#x44C;&#x435;&#x432;&#x43D;&#x430; (&#x43B;&#x438;&#x43D;&#x433;&#x432;&#x438;&#x441;&#x442;, &#x43B;&#x438;&#x442;&#x435;&#x440;&#x430;&#x442;&#x43E;&#x440; ; 1962-)</subfield>
  </datafield>
  <datafield tag="600" ind1=" " ind2="1">
    <subfield code="a">&#x421;&#x435;&#x43D;-&#x416;&#x435;&#x440;&#x43C;&#x435;&#x43D;</subfield>
    <subfield code="f">- 1795</subfield>
    <subfield code="9">1579507</subfield>
    <subfield code="3">RU\NLR\auth\66992270</subfield>
  </datafield>
  <datafield tag="605" ind1=" " ind2=" ">
    <subfield code="a">"&#x421;&#x432;&#x44F;&#x442;&#x435;&#x439;&#x448;&#x430;&#x44F; &#x422;&#x440;&#x438;&#x43D;&#x43E;&#x441;&#x43E;&#x444;&#x438;&#x44F;"</subfield>
    <subfield code="9">2079335</subfield>
    <subfield code="3">RU\NLR\auth\661255212</subfield>
  </datafield>
  <datafield tag="686" ind1=" " ind2=" ">
    <subfield code="a">&#x422;3(4&#x424;&#x440;)432-8</subfield>
  </datafield>
  <datafield tag="801" ind1=" " ind2="0">
    <subfield code="a">RU</subfield>
    <subfield code="b">NLR</subfield>
    <subfield code="c">19981112</subfield>
    <subfield code="g">PSBO</subfield>
  </datafield>
  <datafield tag="801" ind1=" " ind2="1">
    <subfield code="a">RU</subfield>
    <subfield code="b">NLR</subfield>
    <subfield code="c">19981112</subfield>
  </datafield>
  <datafield tag="852" ind1=" " ind2=" ">
    <subfield code="a">NLR</subfield>
    <subfield code="j">98-5/1238</subfield>
  </datafield>
  <datafield tag="942" ind1=" " ind2=" ">
    <subfield code="c">BOOK</subfield>
  </datafield>
  <datafield tag="980" ind1=" " ind2=" ">
    <subfield code="a">NB</subfield>
  </datafield>
  <datafield tag="995" ind1=" " ind2=" ">
    <subfield code="5">2013-10-26</subfield>
    <subfield code="b">NLR01</subfield>
    <subfield code="c">NLR01</subfield>
    <subfield code="e">RF8</subfield>
    <subfield code="f">1-2759609</subfield>
    <subfield code="k">98-5/1238</subfield>
    <subfield code="o">0</subfield>
    <subfield code="r">BOOK</subfield>
    <subfield code="s">9851238_</subfield>
  </datafield>
  <datafield tag="995" ind1=" " ind2=" ">
    <subfield code="5">2015-06-20</subfield>
    <subfield code="b">NLR01</subfield>
    <subfield code="c">NLR01</subfield>
    <subfield code="e">RF8</subfield>
    <subfield code="f">1-1018562</subfield>
    <subfield code="k">98-5/1238</subfield>
    <subfield code="o">0</subfield>
    <subfield code="r">BOOK</subfield>
    <subfield code="s">9851238_</subfield>
  </datafield>
</record>
